| 000 | 00783cam a22002415a 4500 | ||
|---|---|---|---|
| 001 | 14329598 | ||
| 005 | 20171120113520.0 | ||
| 008 | 060405s2005 enka frb f001 0 eng d | ||
| 020 | _a0521671073 | ||
| 020 | _a9780521671071 | ||
| 040 |
_aUKM _cUKM _dBAKER _dBWKUK _dDLC _dEG-ScBUE _beng |
||
| 082 | 0 | 4 |
_222 _a332.46 _bIMP |
| 245 | 0 | 0 |
_aImperfect knowledge and monetary policy / _cOtmar Issing ... [et al.] |
| 260 |
_aCambridge ; _aNew York : _bCambridge University Press, _c2005. |
||
| 300 |
_axi, 138 p. : _bill. ; _c23 cm. |
||
| 490 | 0 | _aStone lectures in economics | |
| 504 | _aIncludes bibliographical references and index. | ||
| 650 | 7 |
_a Monetary policy. _2BUEsh _95608 |
|
| 651 | _2BUEsh | ||
| 653 |
_bBUSBOL _cNovember2017 |
||
| 700 | 1 |
_aIssing, Otmar. _940089 |
|
| 942 | _2ddc | ||
| 999 |
_c25623 _d25595 |
||